000 00569nam a2200229Ia 4500
003 OSt
005 20220924132258.0
006 a|||||r|||| 00| 0
007 ta
008 220923b |||||||| |||| 00| 0 san d
024 _a40544
037 _cTextual
040 _aARTS
_cARTS
_bsan
041 _2san
_asan
082 _aO15:1DHA:1, C9
100 _aHarichandra
_9204087
245 0 _aDharma sarmabhyudayam
260 _c1899
650 _aENGLISH LITERATURE
942 _hO15:1DHA:1, C9
_cTEXL
_2CC
999 _c429891
_d429891